000 00341nam a2200121 a 4500
005 20140414131856.0
008 100828s19uu xx 00 eng d
050 _aFIL
_bAl1 2008
100 _aMatias, Segundo
245 _aAlamat ng lamok :
_bThe legend of the mosquito.
260 _aManila, Philippines :
_bLampara,
_c2008.
999 _c110451
_d110451